Centroamérica 1985: la solución que nunca llegó
שמור ב:
| פורמט: | Texto |
|---|---|
| נושאים: | |
| תגים: |
הוספת תג
אין תגיות, היה/י הראשונ/ה לתייג את הרשומה!
|
MARC
| LEADER | 00000 a a2200000 04500 | ||
|---|---|---|---|
| 001 | 44778 | ||
| 003 | |||
| 040 | |||
| 245 | |a Centroamérica 1985: |b la solución que nunca llegó | ||
| 500 | |a El número de la revista es el 78-79 | ||
| 650 | |a DIPLOMACIA | ||
| 650 | |a FUERZAS ARMADAS | ||
| 650 | |a COOPERACION INTERNACIONAL | ||
| 650 | |a RELACIONES INTERNACIONALES | ||
| 650 | |a CENTROAMERICA | ||
| 650 | |a MILITARISMO | ||
| 650 | |a HISTORICA ECONOMICA | ||
| 650 | |a ESTADOS UNIDOS | ||
| 650 | |a HISTORIA POLITICA | ||
| 773 | |g volumen10, número78 (1986), Página 2. | ||
| 999 | |c 39018 |d 39018 | ||
